[Event "Corr"]
[Site "?"]
[Date "2000.09.25"]
[Round "?"]
[White "Vinot Serge"]
[Black "Figlio Gino Franco (PER)"]
[Result "1/2-1/2"]
[WhiteElo "2520"]
[BlackElo "2455"]
[PlyCount "169"]
[EventDate "2000.??.??"]
[Source "www.chesslib.no"]
[SourceDate "2004.05.04"]

1. d4 Nf6 2. c4 e6 3. Nc3 Bb4 4. e3 O-O 5. a3 Bxc3+ 6. bxc3 c5 7. Bd3 Nc6 8. Ne2 b6 9. Ng3 Ba6 10. e4 Ne8 11. Qh5 g6 12. Qh6 cxd4 13. cxd4 Nxd4 14. Be3 Nc6 15. f4 f5 16. O-O Nd6 17. exf5 exf5 18. Rac1 Re8 19. Rf3 Qf6 20. Ne2 Qf7 21. Bf2 Bxc4 22. Bxc4 Nxc4 23. Nd4 Nxd4 24. Bxd4 d5 25. h4 Re4 26. Rd1 Rd8 27. h5 Rd6 28. Rdd3 Re1+ 29. Kh2 Re2 30. Bc3 Nb2 31. Rd4 a5 32. Rg3 Qf8 33. Qg5 Nc4 34. Rdd3 h6 35. Qh4 Re8 36. hxg6 Re4 37. Qh5 Rxf4 38. Rxd5 Qe7 39. Qxh6 Rh4+ 40. Rh3 Rxh6 41. Rxh6 Rf6 42. Rh7 Qf8 43. Rdd7 Ne3 44. Kh1 Qa8 45. Rdg7+ Kf8 46. Rh8+ Kxg7 47. Bxf6+ Kxf6 48. Rxa8 Kxg6 49. Rc8 Kg5 50. a4 f4 51. Rc6 Nd5 52. Rd6 Nc3 53. Rxb6 Nxa4 54. Ra6 Nc3 55. Rxa5+ Kg4 56. Ra8 Ne4 57. Ra4 Nf6 58. Kh2 Kf5 59. Kh3 Nd7 60. Kh4 Ne5 61. Ra5 Kf6 62. Ra1 Kg6 63. Rf1 Kf5 64. g3 f3 65. Ra1 Nd3 66. g4+ Kf4 67. Ra4+ Ke3 68. Kg3 f2 69. Kg2 Nf4+ 70. Kf1 Kf3 71. g5 Nh5 72. Ra3+ Kg4 73. g6 Kg5 74. Ra6 Kh6 75. Kxf2 Nf4 76. Kf3 Nxg6 77. Kg4 Kg7 78. Kg5 Ne5 79. Ra7+ Nf7+ 80. Kf5 Kf8 81. Kf6 Nd8 82. Re7 Nc6 83. Rd7 Ke8 84. Rd6 Nd8 85. Rd2 1/2-1/2

[Event "Moscow RUS"]
[Site "Moscow RUS"]
[Date "1995.??.??"]
[Round "8"]
[White "Aleksandrov, Aleksej"]
[Black "Dragomarezkij, Evgeni"]
[Result "1-0"]
[WhiteElo "2510"]
[BlackElo "2465"]
[PlyCount "44"]
[EventDate "1995.??.??"]
[Source "www.chesslib.no"]
[SourceDate "2004.05.04"]

1. d4 Nf6 2. c4 e6 3. Nc3 Bb4 4. e3 c5 5. a3 Bxc3+ 6. bxc3 Nc6 7. Bd3 O-O 8. Ne2 b6 9. e4 Ne8 10. O-O Ba6 11. f4 f5 12. exf5 exf5 13. dxc5 bxc5 14. Be3 d6 15. Ng3 Qc8 16. Re1 g6 17. Be2 Rb8 18. Bf2 Qc7 19. Nf1 Nf6 20. Ne3 Na5 21. Bh4 Ne4 22. Bd3 Rbd8 1-0

[Event "Barbera op"]
[Site "?"]
[Date "2000.??.??"]
[Round "5"]
[White "Moskalenko Viktor"]
[Black "Roeder Mathias"]
[Result "1/2-1/2"]
[WhiteElo "2508"]
[BlackElo "2467"]
[PlyCount "46"]
[EventDate "2000.??.??"]
[Source "www.chesslib.no"]
[SourceDate "2004.05.04"]

1. d4 Nf6 2. c4 e6 3. Nc3 Bb4 4. e3 O-O 5. a3 Bxc3+ 6. bxc3 c5 7. Bd3 Nc6 8. Ne2 b6 9. e4 Ne8 10. e5 Ba6 11. Qa4 Na5 12. dxc5 Qc7 13. Be3 f6 14. Rd1 bxc5 15. exf6 Nxf6 16. Bf4 e5 17. Bg3 d6 18. O-O Rad8 19. Bh4 e4 20. Bxf6 Rxf6 21. Bxe4 Bxc4 22. Bd5+ Bxd5 23. Rxd5 Rdf8 1/2-1/2

[Event "Lone Pine op"]
[Site "Lone Pine"]
[Date "1978.??.??"]
[Round "9"]
[White "Lombardy, William James"]
[Black "Peters, John A"]
[Result "0-1"]
[WhiteElo "2540"]
[BlackElo "2430"]
[PlyCount "91"]
[EventDate "1978.04.??"]
[Source "ChessBase"]

1. d4 Nf6 2. c4 e6 3. Nc3 Bb4 4. a3 Bxc3+ 5. bxc3 c5 6. e3 Nc6 7. Bd3 d6 8. Ne2 e5 9. O-O O-O 10. e4 Re8 11. d5 Ne7 12. Bg5 Nd7 13. Ng3 Nf8 14. Nh5 h6 15. Bxh6 gxh6 16. Qd2 Kh7 17. f4 Nd7 18. Nf6+ Nxf6 19. fxe5 Neg8 20. exf6 Re5 21. Rf4 h5 22. Raf1 Qf8 23. R1f3 Kh8 24. Rg3 Bd7 25. h3 Qh6 26. Qf2 Rae8 27. Rg7 Rf8 28. Rg3 Rg5 29. Be2 Rxg3 30. Qxg3 Nxf6 31. Rh4 Rg8 32. Qf2 Rg6 33. Kh1 Kg7 34. Rf4 Qg5 35. Bf1 b6 36. Rf3 Qe5 37. Rf4 Qxc3 38. a4 Qe5 39. a5 bxa5 40. Rf3 a4 41. Qe1 Nxe4 42. Qa5 Ng3+ 43. Kg1 Qd4+ 44. Kh2 Nxf1+ 45. Rxf1 Qe5+ 46. Kh1 0-1

[Event "Politiken Cup"]
[Site "Copenhagen"]
[Date "1998.07.10"]
[Round "7"]
[White "Hoi, Carsten"]
[Black "Stefansson, Hannes"]
[Result "0-1"]
[WhiteElo "2430"]
[BlackElo "2540"]
[PlyCount "70"]
[EventDate "1998.07.04"]
[Source "ChessBase"]
[SourceDate "1998.09.09"]

1. d4 Nf6 2. c4 e6 3. Nc3 Bb4 4. e3 c5 5. a3 Bxc3+ 6. bxc3 b6 7. Bd3 Nc6 8. Ne2 O-O 9. e4 Ne8 10. e5 Ba6 11. Qc2 h6 12. O-O Na5 13. f4 f5 14. exf6 Nxf6 15. f5 exf5 16. Ng3 d5 17. Nxf5 dxc4 18. Be4 Rc8 19. Nxh6+ Kh8 20. Bg6 Nb3 21. Nf7+ Rxf7 22. Bxf7 Qe7 23. Qg6 Nxc1 24. Raxc1 Rf8 25. dxc5 Qxf7 26. Qxf7 Rxf7 27. cxb6 axb6 28. Rcd1 Bb7 29. Rd6 Re7 30. Rxb6 Nd5 31. Rd6 Nxc3 32. Rd8+ Kh7 33. h3 Ne2+ 34. Kf2 c3 35. Rb8 c2 0-1

[Event "RUS-Cup06"]
[Site "Nizhnij Novgorod"]
[Date "1998.07.05"]
[Round "7"]
[White "Ulko, Jaroslav"]
[Black "Brodsky, Michail"]
[Result "0-1"]
[WhiteElo "2420"]
[BlackElo "2545"]
[PlyCount "126"]
[EventDate "1998.06.29"]
[Source "www.chesslib.no"]
[SourceDate "2004.05.04"]

1. d4 Nf6 2. c4 e6 3. Nc3 Bb4 4. e3 O-O 5. a3 Bxc3+ 6. bxc3 c5 7. Bd3 Nc6 8. Ne2 b6 9. e4 Ne8 10. Be3 Ba6 11. Ng3 Na5 12. Qe2 cxd4 13. cxd4 d5 14. cxd5 Bxd3 15. Qxd3 exd5 16. e5 Qd7 17. Bd2 Nc6 18. Rc1 Rc8 19. O-O f5 20. Rfe1 Nd8 21. Rxc8 Qxc8 22. f4 g6 23. Ne2 Qb7 24. Rb1 Ne6 25. a4 Qc6 26. a5 N8c7 27. Bb4 Ra8 28. Bd6 bxa5 29. Bxc7 Qxc7 30. Qa6 Nd8 31. Rb5 Qc6 32. Rxa5 Qd7 33. Nc3 Ne6 34. Rxd5 Qf7 35. Qc6 Rf8 36. Rd7 Qe8 37. Qb7 Rf7 38. Rxf7 Qxf7 39. Qc8+ Kg7 40. d5 Nxf4 41. Qc4 g5 42. Qd4 Kg6 43. g3 Nh3+ 44. Kg2 g4 45. Ne2 Qb7 46. Qc4 Qb2 47. e6 f4 48. Kf1 Qb1+ 49. Qc1 Qd3 50. e7 Qf3+ 51. Ke1 Qh1+ 52. Kd2 Qxd5+ 53. Ke1 Qh1+ 54. Kd2 Qxc1+ 55. Kxc1 Kf7 56. gxf4 Kxe7 57. Kd2 a5 58. Ke3 a4 59. Nc3 a3 60. Ke4 Kf6 61. Nd5+ Kf7 62. Nc3 Nf2+ 63. Kf5 h5 0-1

[Event "It \"]
[Site "Neuhausen (Germany)"]
[Date "2007.06.07"]
[Round "4"]
[White "Georgiev Vladimir (MKD)"]
[Black "Kraemer Martin (GER)"]
[Result "1-0"]
[WhiteElo "2540"]
[BlackElo "2424"]
[PlyCount "65"]
[EventDate "2007.??.??"]
[Source "www.chesslib.no"]
[SourceDate "2004.05.04"]

1. d4 Nf6 2. c4 e6 3. Nc3 Bb4 4. e3 O-O 5. a3 Bxc3+ 6. bxc3 c5 7. Bd3 Nc6 8. Ne2 e5 9. O-O d6 10. Ng3 Re8 11. d5 Ne7 12. e4 Ng6 13. f3 Nf4 14. Bc2 g5 15. Be3 h6 16. Qd2 Rb8 17. Kh1 Kh8 18. Nf5 Bxf5 19. exf5 N4h5 20. Bxg5 hxg5 21. Qxg5 Ng7 22. Qh6+ Kg8 23. g4 Nh7 24. f6 Nxf6 25. g5 Nfh5 26. f4 exf4 27. Rae1 Re3 28. Rxe3 fxe3 29. Bh7+ Kf8 30. Bg6 Qe8 31. Bxh5 e2 32. Bxe2 Kg8 33. Bd3 1-0

[Event "It (Men) Chernigov UKR"]
[Site "?"]
[Date "2005.01.28"]
[Round "8"]
[White "Tihonov Jurij"]
[Black "Nosenko Alexander"]
[Result "1/2-1/2"]
[WhiteElo "2454"]
[BlackElo "2509"]
[PlyCount "41"]
[EventDate "2005.??.??"]
[Source "www.chesslib.no"]
[SourceDate "2004.05.04"]

1. d4 Nf6 2. c4 e6 3. Nc3 Bb4 4. a3 Bxc3+ 5. bxc3 c5 6. e3 O-O 7. Bd3 Nc6 8. Ne2 b6 9. e4 Ne8 10. O-O Ba6 11. f4 f5 12. Ng3 g6 13. Be3 d6 14. d5 Ne7 15. dxe6 Ng7 16. exf5 Nexf5 17. Nxf5 gxf5 18. Qa4 Bc8 19. Rfe1 Bxe6 20. Rad1 Qf6 21. Qc2 1/2-1/2

[Event "Skei"]
[Site "Skei"]
[Date "1994.??.??"]
[Round "7"]
[White "Lyrberg, Patrik"]
[Black "Kindermann, Stefan E S"]
[Result "0-1"]
[WhiteElo "2415"]
[BlackElo "2535"]
[PlyCount "64"]
[EventDate "1994.??.??"]
[Source "www.chesslib.no"]
[SourceDate "2004.05.04"]

1. d4 Nf6 2. c4 e6 3. Nc3 Bb4 4. e3 c5 5. Bd3 Nc6 6. a3 Bxc3+ 7. bxc3 O-O 8. Ne2 b6 9. e4 Ne8 10. Be3 Ba6 11. O-O Nd6 12. dxc5 Nxc4 13. Bxc4 Bxc4 14. Re1 Qc7 15. Ng3 Ne5 16. cxb6 axb6 17. Qd4 b5 18. Rad1 f6 19. f4 Ng4 20. Qc5 Qb7 21. Qb6 Qc8 22. Rd6 Rxa3 23. Rf1 Nxe3 24. Nh1 Nd5 25. h3 e5 26. Ra1 Rf7 27. Ng3 Nc7 28. Rad1 Qa8 29. R1d2 Qb7 30. Re6 Kf8 31. Rxe5 Bd5 32. Re7 g6 0-1